The origins of group psychoanalysis (Record no. 1297)

MARC details
000 -LEADER
fixed length control field 00640nam a2200205 a 4500
005 - DATE AND TIME OF LATEST TRANSACTION
control field 20260322212054.0
008 - FIXED-LENGTH DATA ELEMENTS--GENERAL INFORMATION
fixed length control field data
096 ## - LOCALLY ASSIGNED NLM-TYPE CALL NUMBER (OCLC)
Classification number WM 430 O68 1972
001 - CONTROL NUMBER
control field data
245 14 - TITLE STATEMENT
Title The origins of group psychoanalysis
Statement of responsibility, etc. edited by Harold I. Kaplan and Benjamin J. Sadock
260 ## - PUBLICATION, DISTRIBUTION, ETC.
Place of publication, distribution, etc. New York
Name of publisher, distributor, etc. Dutton
Date of publication, distribution, etc. c1972
300 ## - PHYSICAL DESCRIPTION
Extent x, 100, L p.
490 0# - SERIES STATEMENT
Series statement Modern group book, 1
500 ## - GENERAL NOTE
General note Includes glossary (49 p.)
500 ## - GENERAL NOTE
General note One of a series of volumes based on the authors' Comprehensive group therapy.
650 02 - SUBJECT ADDED ENTRY--TOPICAL TERM
Topical term or geographic name entry element Psychoanalysis
General subdivision history
650 02 - SUBJECT ADDED ENTRY--TOPICAL TERM
Topical term or geographic name entry element Psychotherapy, Group
700 1# - ADDED ENTRY--PERSONAL NAME
Personal name Kaplan, Harold I.
700 1# - ADDED ENTRY--PERSONAL NAME
Personal name Sadock, Benjamin J.
Holdings
Withdrawn status Lost status Damaged status Not for loan Home library Current library Shelving location Date acquired Total checkouts Full call number Barcode Date last seen Price effective from Koha item type
        Franklin Franklin General stacks 22/03/2026   GEN BC0011340 22/03/2026 22/03/2026 Books